000
00317nam a2200133Ia 4500
008
160105s9999 xx 000 0 und d
020
_a
2-7099-0960-X
245
_a
Harrap's standard french and english dictionary
260
_b
Harrap
260
_c
1968
942
_c
09
994
_a
103546
999
_c
3519
_d
31517